| 000 | 00767nam a2200205 i 4500 | ||
|---|---|---|---|
| 001 | 33994 | ||
| 003 | ES-MaACL | ||
| 005 | 20251009200130.0 | ||
| 007 | t| | ||
| 008 | 030203s1901 sp ||||1| spa d | ||
| 100 | 1 |
_aBlasco Ibáñez, Vicente, _d1867-1928 _929388 |
|
| 245 | 1 | 3 |
_aLa barraca _b: novela / _cVicente Blasco Ibáñez ; ilustraciones de A. Fillol. |
| 260 |
_aValencia : _bLibrería de Francisco Sempere, _c1901 ( _fEnrique Mirabet) |
||
| 300 |
_a283 p. : _bil. ; _c19 cm. |
||
| 530 | _aDisponible en formato digital. | ||
| 700 | 1 |
_aFillol, Antonio, _d1870-1930 _9171317 |
|
| 852 |
_aES-MaACL _jR-3483 _xOlim: B-2635 |
||
| 856 |
_uhttp://bdh-rd.bne.es/viewer.vm?id=0000188263&page=1 _zBiblioteca Digital Hispánica |
||
| 999 |
_c33994 _d33994 |
||